Normal view MARC view

Entry Topical Term

Number of records used in: 79

001 - CONTROL NUMBER

  • control field: 5112

003 - CONTROL NUMBER IDENTIFIER

  • control field: TR-AnCHP

005 - DATE AND TIME OF LATEST TRANSACTION

  • control field: 20190204175555.0

008 - FIXED-LENGTH DATA ELEMENTS

  • fixed length control field: 190204|| aca||babn | a|a d

040 ## - CATALOGING SOURCE

  • Original cataloging agency: TR-AnCHP

150 ## - HEADING--TOPICAL TERM

  • Topical term or geographic name entry element: Rus Edebiyatı